Slovenské technické normy týkajúce sa stavebníctva schválené v I. polroku 2003

Nové slovenské technické normy zavedené do sústavy STN v I. polroku 2003 ako prevzaté európske normy prekladom alebo v jazyku člena CEN. Normy EN a ISO schválené na priame používanie ako STN oznámením. Zmeny a opravy STN.

Salvato in:
Dettagli Bibliografici
Autore principale: Kováčik, Ľubomír
Natura: Capitolo di libro
Lingua:slovacco
Soggetti:
Tags: Aggiungi Tag
Nessun Tag, puoi essere il primo ad aggiungerne!!

MARC

LEADER 00000naa$a2200000$$$4500
001 0002770
005 20230927104746.7
041 0 |a slo 
044 |a SK 
245 1 0 |a Slovenské technické normy týkajúce sa stavebníctva schválené v I. polroku 2003  |c aut. Ľubomír Kováčik 
520 |a Nové slovenské technické normy zavedené do sústavy STN v I. polroku 2003 ako prevzaté európske normy prekladom alebo v jazyku člena CEN. Normy EN a ISO schválené na priame používanie ako STN oznámením. Zmeny a opravy STN. 
610 2 0 |a normy technické 
610 2 0 |a normalizácia technická 
610 2 0 |a stavebníctvo 
610 2 0 |a Slovensko 
610 2 0 |a organizácie 
610 2 0 |a normy ISO 
100 1 |a Kováčik, Ľubomír